Statistics for Football Clubs Highest Goalscorers

Click here to take the quiz!

General Stats

  • This quiz has been taken 430 times
    (343 since last reset)
  • The average score is 13 of 34

Answer Stats

ClubYears PlayedGoalsAnswer% Correct
Real Madrid2009-2018451Cristiano Ronaldo
99%
Barcelona2004-2021672Lionel Messi
99%
Manchester United2004-2017253Wayne Rooney
84%
Arsenal1999-2007, 2012228Thierry Henry
83%
Bayern Munich1964-1979563Gerd Müller
81%
PSG2013-2020200Edinson Cavani
77%
Santos FC1956-1974638Pele
76%
Newcastle United1996-2006206Alan Shearer
73%
AS Roma1993-2017307Francesco Totti
72%
Juventus1993-2012290Alessandro Del Piero
71%
SS Lazio2016-185Ciro Immobile
70%
Benfica1960-1975473Eusebio da Silva Ferreira
67%
Napoli2013-2022148Dries Mertens
64%
Liverpool1980-1987, 1988-1996346Ian Rush
58%
LA Galaxy2005-2014, 2016141Landon Donovan
39%
Inter Milan1927-1940284Giuseppe Meazza
36%
Flamengo1971-1983, 1985-1989401Zico
24%
Tottenham Hotspur1961-1970266Jimmy Greaves
18%
Shakhtar Donetsk2007-2015128Luiz Adriano
17%
AC Milan1949-1956221Gunnar Nordahl
16%
Valencia1939-1950238Edmundo Suárez
13%
Dynamo Kiev1969-1987266Oleg Blokhin
12%
Boca Juniors1997-2001, 2004-2011236Martin Palermo
11%
Borussia Mönchengladbach1964-1967, 1970-1978296Jupp Heynckes
10%
Atlético Madrid1964-1974172Luis Aragonés Suárez
7%
Girondins Bordeaux1970-1986182Alain Giresse
4%
FC Porto1974-1980, 1982-1989352Fernando Gomes
2%
Celtic1922-1938522Jimmy McGrory
2%
Rangers1929-1946381Jimmy Smith
2%
Galatasaray1955-1961, 1962-1969217Metin Oktay
2%
Borussia Dortmund1946-1950, 1951-1959174Alfred Preissler
1%
River Plate1939-1959317Angel Labruna
1%
Fluminense1954-1961319Waldo Machado
1%
Ajax Amsterdam1928-1943278Piet van Reenen
0%

Score Distribution

Percentile by Number Answered

Percent of People with Each Score

Your Score History

You have not taken this quiz since the last reset